000 00596nam a2200205Ia 4500
005 20250923145511.0
008 008 250917s9999 xx 000 0 eng d
037 _aTextual
040 _aDSWL
_beng
_cDSWL
041 _aeng
_2eng
084 _aX:31, N78
_qDSWL
100 _aBrittain, John A.
_9835970
245 0 _aInheritance and the inequality of Material wealth
_c by John A. Brittain
260 _aWashington
_bBroking Institution
_c1978
300 _a102p.
365 _aINR
_b17.22
925 _g17.22
942 _cTEXL
_hX:31, N78
999 _c1452107
_d1452107